00662nam a2200169 a 450000100100000000500170001000800410002702000180006804000250008610000280011124500500013926000980018930000210028750000610030895201060036999900170047500003561320200930074456.0111105s2008 br 000 0 spa d a9788599508114 aDO-SdBNPbspacBNPHU1 aMachado de Assis96151510aContos do Rio de Janeiro /cMachado de Assis. aBrasília :bEditorial Babel :bMinistério da Cultura. Fundacao Bilioteca Nacional,c2008. a125 p. ;c21 cm. aIncluye datos biográficas del autor en la contrasolapa 0010507-18MOaGRbGRcOId2011-11-05iLF1l0o p35613-10r2020-06-25w2020-06-25y1ZNo se presta c35104d35104